| 000 | 00000nam##2200000za#4500 |
| 001 | 9.580488 |
| 003 | CaOODSP |
| 005 | 20210624191049 |
| 007 | cr ||||||||||| |
| 008 | 150406|1981||||xxc|||||o f|0| 0 eng|d |
| 040 | |aCaOODSP|beng |
| 043 | |an-cn--- |
| 086 | 1 |aFs97-14/128-1981E-PDF |
| 110 | 1 |aCanada. |bDepartment of Fisheries and Oceans. |
| 245 | 10|aScottish seine net fishing projects. I- Hydraulic rope reels, installation and demonstration. II- Exploration for suitable fishing grounds, Scotian Shelf and Southern Grand Banks / |h[electronic resource]|cby F. King, D.M. Rodgers, and J. Rycroft. |
| 260 | |aHalifax - Nova Scotia : |bFisheries and Oceans Canada |c1981. |
| 300 | |a30p.|bfigs., tables |
| 490 | 1 |aCanadian industry report of fisheries and aquatic sciences|vNo. 128 |
| 500 | |aFile reproduced from original print. On t. p. : Fisheries Development Branch, Scotia-Fundy Region, Halifax, Nova-Scotia. The catalogue number and ISSN for the print edition appear in the PDF version. |
| 546 | |a(Résumé en français.) |
| 590 | |a14-15-Supp|b2014-09-04 |
| 720 | 1 |aKing, F. |
| 720 | 1 |aRodgers, D. M. |
| 720 | 1 |aRycroft, J. |
| 830 | #0|aCanadian industry report of fisheries and aquatic sciences ;|vNo. 128|w(CaOODSP)9.505199 |
| 856 | 40|ahttp://publications.gc.ca|qPDF|s2927 KB|uhttps://publications.gc.ca/collections/collection_2014/mpo-dfo/Fs97-14-128-1981-eng.pdf|yNo. 128 |